000 00496nam a2200133Ia 4500
008 100328s9999 xx 000 0 und d
082 _b49959
100 _aकुलकर्णी सुर्यकांत
245 _aहिमकोंदणातील हिरा.
260 _bमेहता पब्लिशिंग हाऊस
630 _aहिमकोंदणातील हिरा.
730 _aहिमकोंदणातील हिरा.
942 _cBOOK
999 _c537195
_d537192